| 000 | 00722nam a2200205 a 4500 | ||
|---|---|---|---|
| 999 |
_c927 _d927 |
||
| 005 | 20191217041609.0 | ||
| 008 | 861023s1985 ck a b 000 0 spa | ||
| 040 |
_aDLC _cDLC _dDLC _dCO-BoIAVH |
||
| 041 | 0 | _aspa | |
| 044 | _ack | ||
| 090 |
_aIND- _b88 |
||
| 110 | _aInderena | ||
| 245 | 0 | 0 |
_aColombia, fauna en peligro / _ceditado por María Isabel García |
| 260 |
_aBogotá (Colombia) : _bProyecto Cuenca Alto Magdalena : _bInderena, _c1985. |
||
| 300 |
_a16 páginas : _bilustraciones (algunas a color) ; _c28 x 21 cm. |
||
| 650 | 2 | 6 |
_aFauna _zColombia |
| 650 | 2 | 6 |
_aEspecies en peligro de extinción _zColombia |
| 710 | 2 | _aProyecto Cuenca Alto Magdalena (Inderena) | |
| 942 |
_2z _cFolleto _03 |
||